000
00317nam a2200121Ia 4500
008
210430s9999 xx 000 0 und d
082
_a
604.2B5751E
100
_a
Bhatt N.D
_9
10018
245
_a
Engineering Drawing Plane And Solid Geometry
_c
Bhatt N.D
260
_a
India
_c
2010
300
_a
712p.
942
_c
BK
_2
ddc
999
_c
565556
_d
565556